000 00413nam a2200145Ia 4500
008 210210b1998 xxu||||| |||| 00| 0 eng d
082 _a540 RAOR
100 _aRAO (D Shripathi) & others.
245 _aRefresher course in chemistry for second year PUC.
260 _aMangalore
_bIsha Publishers
_c1998
300 _a396
650 _aChemistry refresher course II PUC
690 _aChemistry
906 _a053971
999 _c102120
_d102120